Land Drainage: Principles, Methods and Applications (Record no. 5448)

MARC details
000 -LEADER
fixed length control field 00382nam a2200145Ia 4500
008 - FIXED-LENGTH DATA ELEMENTS--GENERAL INFORMATION
fixed length control field 191201s2010 xx 000 0 und d
082 ## - DEWEY DECIMAL CLASSIFICATION NUMBER
Classification number 627.54
Item number BHL
100 ## - MAIN ENTRY--PERSONAL NAME
Personal name BHATTACHARYA, AK
245 #0 - TITLE STATEMENT
Title Land Drainage: Principles, Methods and Applications
250 ## - EDITION STATEMENT
Edition statement 1st
260 ## - PUBLICATION, DISTRIBUTION, ETC. (IMPRINT)
Place of publication, distribution, etc N. Delhi
Name of publisher, distributor, etc Vikas Publication House
Date of publication, distribution, etc 2010
300 ## - PHYSICAL DESCRIPTION
Extent 757
650 ## - SUBJECT ADDED ENTRY--TOPICAL TERM
Topical term or geographic name as entry element B.Tech(CE)
942 ## - ADDED ENTRY ELEMENTS (KOHA)
Source of classification or shelving scheme Dewey Decimal Classification
Koha item type Text Books
Holdings
Withdrawn status Lost status Source of classification or shelving scheme Damaged status Not for loan Collection code Home library Current library Date acquired Source of acquisition Cost, normal purchase price Bill Number Total Checkouts Full call number Acc. no. / Barcode Date last seen Bill Date Koha item type
    Dewey Decimal Classification     B.Tech(CE) PIET C-LIBRARY PIET C-LIBRARY 25/07/2012 IBH, New Delhi 465.00 6408   627.54 BHL 20599 04/12/2019 24/07/2012 Text Books
    Dewey Decimal Classification     B.Tech(CE) PIET C-LIBRARY PIET C-LIBRARY 25/07/2012 IBH, New Delhi 465.00 6408   627.54 BHL 20600 04/12/2019 24/07/2012 Text Books
    Dewey Decimal Classification     B.Tech(CE) PIET C-LIBRARY PIET C-LIBRARY 25/07/2012 IBH, New Delhi 465.00 6408   627.54 BHL 20601 04/12/2019 24/07/2012 Text Books
    Dewey Decimal Classification     B.Tech(CE) PIET C-LIBRARY PIET C-LIBRARY 25/07/2012 IBH, New Delhi 465.00 6408   627.54 BHL 20602 04/12/2019 24/07/2012 Text Books
    Dewey Decimal Classification     B.Tech(CE) PIET C-LIBRARY PIET C-LIBRARY 25/07/2012 IBH, New Delhi 465.00 6408   627.54 BHL 20603 04/12/2019 24/07/2012 Text Books

Design & Developed by: PIET Central Library
R70 Miles Stone Pattikalyana Samalkha Panipat 132102
mail ID :- [email protected], Phone No:- 0180-2569700 Ex.216